Householders are not bound by 'unfair' adjudication provisions (Record no. 72379)

MARC details
000 -LEADER
fixed length control field 01815cam a2200253 4500
001 - CONTROL NUMBER
control field ABS66515
008 - FIXED-LENGTH DATA ELEMENTS--GENERAL INFORMATION
fixed length control field 030331n2003 000 0 eng u
035 ## - SYSTEM CONTROL NUMBER
System control number (Sirsi) u121787
100 ## - MAIN ENTRY--PERSONAL NAME
Personal name Lindsey, S.
245 ## - TITLE STATEMENT
Title Householders are not bound by 'unfair' adjudication provisions
260 ## - PUBLICATION, DISTRIBUTION, ETC.
Date of publication, distribution, etc. 2003
490 ## - SERIES STATEMENT
Series statement Architects' Journal
Volume/sequential designation 217(9) 6 March 2003, 42(1)
490 ## - SERIES STATEMENT
Series statement Construction News
Volume/sequential designation (6813) 24 April 2003, 16(1)
520 ## - SUMMARY, ETC.
Summary, etc. Looks at adjudication issues raised under the RIBA "Conditions for the appointment of an architect (CE/99) for use with a letter of appointment". This form has been re-drafted to include adjudication provisions for domestic projects, a category left out of mandatory adjudication clauses in contracts. In "Picardi v Cuniberti"[2003] the householders argued they had not signed up to a draft copy of CE/99 sent by the architect, and also that its adjudication provisions were unfair and should not bind them. Judge emphasised the architects' failure to go through the contract highlighting specific clauses on adjudication to them. Concluded that the adjudication provisions, together with CE/99 clauses were unfair. View judgment at http://www.bailii.org
590 ## - LOCAL NOTE (RLIN)
Local note ABS
650 ## - SUBJECT ADDED ENTRY--TOPICAL TERM
Topical term or geographic name entry element MANAGEMENT-DISPUTE AVOIDANCE, MANAGEMENT AND RESOLUTION-DISPUTE MANAGEMENT AND RESOLUTION-ALTERNATIVE DISPUTE RESOLUTION-ADJUDICATION
650 ## - SUBJECT ADDED ENTRY--TOPICAL TERM
Topical term or geographic name entry element UNFAIR TERMS IN CONSUMER CONTRACTS REGULATIONS 1999
650 ## - SUBJECT ADDED ENTRY--TOPICAL TERM
Topical term or geographic name entry element CONDITIONS OF ENGAGEMENT
650 ## - SUBJECT ADDED ENTRY--TOPICAL TERM
Topical term or geographic name entry element RIBA CONDITIONS OF ENGAGEMENT FOR THE APPOINTMENT OF AN ARCHITECT (1999 EDITION)
650 ## - SUBJECT ADDED ENTRY--TOPICAL TERM
Topical term or geographic name entry element PICARDI V CUNIBERTI AND ANOTHER
690 ## - LOCAL SUBJECT ADDED ENTRY--TOPICAL TERM (OCLC, RLIN)
Topical term or geographic name as entry element Dispute resolution
9 (RLIN) 6236
856 ## - ELECTRONIC LOCATION AND ACCESS
Uniform Resource Identifier <a href="https://www.bailii.org/cgi-bin/markup.cgi?doc=/ew/cases/EWHC/TCC/2002/2923.html&query=Picardi">https://www.bailii.org/cgi-bin/markup.cgi?doc=/ew/cases/EWHC/TCC/2002/2923.html&query=Picardi</a>
Public note View judgment at Bailii website.
942 ## - ADDED ENTRY ELEMENTS (KOHA)
Suppress in OPAC 0
Holdings
Withdrawn status Lost status Source of classification or shelving scheme Damaged status Not for loan Home library Current library Shelving location Date acquired Total Checkouts Full call number Barcode Date last seen Copy number Price effective from Koha item type
    Dewey Decimal Classification     London London Journal article 31/03/2003   ABS66515 121787-1001 06/08/2019 1 06/08/2019 Journal article